000 00327nam a2200133Ia 4500
999 _c6403
_d6403
008 191201s2011 xx 000 0 und d
020 _a9788177000757
100 _aAGGARWAL,Udit
245 0 _aAlgorithm Design and analysis
260 _aN. delhi
_bDhanpat Rai
_c2011
300 _a562+16
650 _aMCA
942 _2ddc
_cBK
_016